Waste and supplementary cementitious materials in concrete (Record no. 169727)

MARC details
000 -LEADER
fixed length control field 01144nam a2200313 a 4500
008 - FIXED-LENGTH DATA ELEMENTS--GENERAL INFORMATION
fixed length control field
020 ## - INTERNATIONAL STANDARD BOOK NUMBER
International Standard Book Number 9780081021569 (paperback)
040 ## - CATALOGING SOURCE
Original cataloging agency NUST
Transcribing agency NUST
049 ## - LOCAL HOLDINGS (OCLC)
Holding library MAIN
090 ## - LOCALLY ASSIGNED LC-TYPE CALL NUMBER (OCLC); LOCAL CALL NUMBER (RLIN)
Classification number (OCLC) (R) ; Classification number, CALL (RLIN) (NR) TA403.6
Local cutter number (OCLC) ; Book number/undivided call number, CALL (RLIN) WAS
003 - CONTROL NUMBER IDENTIFIER
control field
005 - DATE AND TIME OF LATEST TRANSACTION
control field 20230123141222.0
245 10 - TITLE STATEMENT
Title Waste and supplementary cementitious materials in concrete
Remainder of title characterisation, properties, and applications/
Statement of responsibility, etc. edited by Rafat Siddique & Paulo Cachim.
260 ## - PUBLICATION, DISTRIBUTION, ETC.
Place of publication, distribution, etc. Duxford, UK :
Name of publisher, distributor, etc. Woodhead,
Date of publication, distribution, etc. 2018.
300 ## - PHYSICAL DESCRIPTION
Extent xiv, 621 pages :
Other physical details illustrations (some colour) ;
Dimensions 23 cm.
336 ## - CONTENT TYPE
Content type term text
Content type code txt
Source rdacontent
337 ## - MEDIA TYPE
Media type term unmediated
Media type code n
Source rdamedia
338 ## - CARRIER TYPE
Carrier type term volume
Carrier type code nc
Source rdacarrier
440 ## - SERIES STATEMENT/ADDED ENTRY--TITLE
Title Woodhead publishing series in civil and structural engineering.
500 ## - GENERAL NOTE
General note Includes index.
504 ## - BIBLIOGRAPHY, ETC. NOTE
Bibliography, etc. note Includes bibliographical references.
650 #1 - SUBJECT ADDED ENTRY--TOPICAL TERM
Topical term or geographic name entry element Waste products as building materials.
650 ## - SUBJECT ADDED ENTRY--TOPICAL TERM
Topical term or geographic name entry element Sustainable construction.
650 ## - SUBJECT ADDED ENTRY--TOPICAL TERM
Topical term or geographic name entry element Concrete
General subdivision Recycling.
700 ## - ADDED ENTRY--PERSONAL NAME
Personal name Siddique, Rafat.,
-- editor.
700 ## - ADDED ENTRY--PERSONAL NAME
Personal name Cachim, Paulo.,
-- editor.
907 ## - LOCAL DATA ELEMENT G, LDG (RLIN)
a .b10409968
b 30-09-21
c 22-09-21
942 ## - ADDED ENTRY ELEMENTS (KOHA)
Koha item type Ordinary Loan Books
Call number prefix TA403.6
Call number suffix WAS
Holdings
Date last seen Total Checkouts Full call number Barcode Cost, replacement price Price effective from Koha item type Lost status Source of classification or shelving scheme Damaged status Not for loan Collection Withdrawn status Home library Current library Shelving location Date acquired Cost, normal purchase price
01/23/2023   TA403.6 WAS 92004047082 80.00 01/23/2023 BOOKS   LCC     NFIC   MAIN MAIN GEN 01/23/2023 80.00